guess the album - Statistics

General Stats
  • This quiz has been taken 25 times
  • The average score is 6 of 16
Answer Stats
Picture Answer % Correct
evermore
71%
guts
67%
am
54%
ok computer
46%
stick season
42%
grace
38%
rubber soul
38%
the rise and fall of a midwest princess
38%
rumours
33%
the queen is dead
33%
punisher
29%
superache
25%
hot space
21%
the rise and fall of ziggy stardust and the spiders from mars
21%
the velvet underground and nico
21%
songs
17%
No matching quizzes found
Score Distribution
Percent of People with Each Score
Percentile by Number Answered
Your Score History
You have not taken this quiz